| 000 | 01253nas a2200289 i 4500 | ||
|---|---|---|---|
| 001 | 1042 | ||
| 003 | ES-MaACL | ||
| 005 | 20250721062532.0 | ||
| 007 | t| | ||
| 008 | 950801c1948 sp | | 1 ||pa d | ||
| 022 | _a0303-9897 | ||
| 080 | _a33(460) | ||
| 245 | 0 | 0 |
_aDe economía _b: boletín de temas económicos. |
| 260 |
_aMadrid : _bServicio Nacional de Información y Publicaciones Sindicales, _c1948- ( _fIbarra) |
||
| 300 |
_a14 v. ; _c30 y 24 cm. |
||
| 310 | _aTrimestral | ||
| 321 |
_aBimestral, _b1948-59 |
||
| 362 | 0 | _aAño 1, n. 1 (oct.-nov. 1948)- | |
| 650 | 1 | 7 |
_aEconomía _2embne _912006 |
| 655 | 7 |
_2tgfbne _9226866 _aRevistas |
|
| 710 | 1 |
_aEspaña. Servicio Nacional de Información y Publicaciones Sindicales. _93985 |
|
| 852 |
_aES-MaACL _jHEM-H-375 _dOlim: Hem-1550 _91066 _cHEM _zExpurgada marzo 2025: posterior 1958; sin encuadernar; disponible en otras bibliotecas; completa colección de BNE o UCM (Biblioteca de Ciencias Económicas y Empresariales) |
||
| 856 |
_uhttps://dialnet.unirioja.es/servlet/revista?codigo=18919 _ySumarios de la revista en Dialnet |
||
| 866 | 0 | _o1948-59(1960f.jul.-sep.)1961(1962f.jul.-sep.)1963-68(1969)1970-72(1973f.jul.-dic.),(1976). | |
| 942 | _2udc | ||
| 999 |
_c1042 _d1042 |
||